| 000 | 00389nam a22001697a 4500 | ||
|---|---|---|---|
| 005 | 20160618163114.0 | ||
| 008 | 160618b xxu||||| |||| 00| 0 eng d | ||
| 020 | _a81-7629-903-0 | ||
| 041 | _aeng | ||
| 082 | _b8257 | ||
| 100 |
_aDas Gupta _92265 |
||
| 245 | _aResearch Methodology in Economics | ||
| 260 | _bDeep and Deep | ||
| 300 | _a180 | ||
| 650 |
_aManagement _9241 |
||
| 942 | _cBK | ||
| 999 |
_c3170 _d3169 |
||